| 000 | 01120nam a2200241Ia 4500 | ||
|---|---|---|---|
| 003 | OSt | ||
| 005 | 20200806140915.0 | ||
| 008 | 191128s2005 ck ad gr 000 0 spa d | ||
| 040 |
_aCO-JMCR _cCO-JMCR |
||
| 041 | 0 | _aspa | |
| 082 | 0 | 4 |
_a364.168 / _bP933t _223 |
| 110 | 2 |
_aUnidad De Información Y Análisis Financiero UIAF, Programa Presidencial Contra La Extorción Y El Secuestro _98489 |
|
| 245 | 2 | 0 |
_aTipologias de lavado de activos/ _cUnidad De Información Y Análisis Financiero UIAF, Programa Presidencial Contra La Extorción Y El Secuestro |
| 260 |
_a[Bogotá] : _bFondo Nacional Para la Defensa de la Libertad Personal, _c2005. |
||
| 300 |
_a 36 páginas : _bgráficos a blanco y negro ; _c28 cm. |
||
| 300 | _b | ||
| 300 | _c 28 cm | ||
| 505 | 0 | _aCaracterización del secuestro extorsivo y la extorsión -- Acciones del estado -- Sistema institucional de respuesta -- Propuesta de tipologías de flujos y activos provenientes del secuestro y la extorsión | |
| 650 | 1 | 4 |
_aSecuestro _98490 |
| 650 | 2 | 4 |
_aExtorsión _zColombia _98491 |
| 650 | 2 | 4 |
_aAcciones del estado _xExtorsión _98492 |
| 942 |
_2ddc _cBK |
||
| 999 |
_c5977 _d5977 |
||